Návrh a obstaranie CRM systému bakalárska práca

Salvato in:
Dettagli Bibliografici
Autore principale: Varenji, Igor
Ente Autore: Fakulta podnikového manažmentu EU. Katedra informačného manažmentu
Altri autori: Černý, Matej, 1982-
Natura: Libro
Lingua:slovacco
Pubblicazione: Bratislava 2022
Tags: Aggiungi Tag
Nessun Tag, puoi essere il primo ad aggiungerne!!

MARC

LEADER 00000nbm a2200000 4500
001 0285627
005 20230413103425.2
041 0 |a slo 
044 |a SK 
245 1 0 |a Návrh a obstaranie CRM systému  |b bakalárska práca  |c Igor Varenji ; školiteľ: Matej Černý 
264 1 |a Bratislava  |c 2022 
300 |a 48 s. 
100 1 |a Varenji, Igor 
700 1 |a Černý, Matej, 1982- 
710 2 |a Fakulta podnikového manažmentu EU. Katedra informačného manažmentu